| 000 | 00469cam a2200181ua 4500 | ||
|---|---|---|---|
| 020 | _c48.75 | ||
| 041 |
_aeng _h |
||
| 082 |
_a510.1 _bKLE/IN |
||
| 100 | _aKleene, Stephen cole . | ||
| 245 |
_aIntroduction to meta mathematics / _cKleene stephen cole. _hTextual Documents |
||
| 250 |
_a1 / _b. |
||
| 260 |
_aAmsterdam : _bNorth-Holland publishing co. , _c1952. |
||
| 300 | _a550 ; . | ||
| 365 | _a48.75 | ||
| 504 | _a | ||
| 942 | _cBK | ||
| 999 |
_c9501 _d9501 |
||